000 00235nam a22000977a 4500
999 _c526600
_d526600
082 _aSNT W6x54 D23
100 _aDas, Pradyumna
_946076
245 _aGeography of Air transport in India
260 _aDelhi
_bVista
_c2007
300 _a197p.